Países más cercanos a Viena - 30 segundos de sprint - Estadísticas

Estadísticas generales
  • Esta prueba ha sido intentada 48 veces
  • La puntuación promedio es 8 de 20
Estadísticas de respuestas
km país % Correcto
194 Alemania
83%
275 Italia
76%
464 Suiza
74%
38 Eslovaquia
67%
58 Chequia
60%
149 Eslovenia
57%
519 Liechtenstein
57%
605 Francia
50%
52 Hungría
48%
212 Polonia
48%
184 Croacia
38%
556 San Marino
29%
329 Bosnia y Herzegovina
21%
318 Serbia
21%
657 Bulgaria
19%
375 Rumania
17%
427 Ucrania
14%
636 Bielorrusia
5%
556 Montenegro
5%
647 Kosovo
2%
No se encontraron pruebas coincidentes
Distribución de puntuación
Porcentaje de gente con cada puntuación
Porcentaje por número respondido
Historial de tus puntuaciones
No has intentado esta prueba.